[Event "Candidates qf Kasparov-Beliavsky+4-1=4"]
[Site "Moscow"]
[Date "1983.03.01"]
[Round "2"]
[White "Beliavsky, Alexander G"]
[Black "Kasparov, Garry"]
[Result "0-1"]
[WhiteElo "2570"]
[BlackElo "2690"]
[Annotator "Kasparov,G"]
[PlyCount "75"]
[EventDate "1983.02.27"]
[EventType "match"]
[EventRounds "9"]
[EventCountry "URS"]
[SourceTitle "Candidates"]
[Source "ChessBase"]
[SourceDate "1999.07.01"]
[SourceVersion "2"]
[SourceVersionDate "1999.07.01"]
[SourceQuality "1"]

1. d4 d5 2. c4 e6 3. Nc3 c5 4. cxd5 exd5 5. Nf3 Nc6 6. g3 Nf6 7. Bg2 Be7 8. O-O
O-O 9. Bg5 cxd4 10. Nxd4 h6 11. Be3 Re8 12. Qa4 Bd7 13. Rad1 Nb4 14. Qb3 a5 15.
Rd2 $6 (15. a4 {ist der Normalzug in dieser Stellung.}) 15... a4 16. Qd1 a3 17.
Qb1 Bf8 18. bxa3 Rxa3 19. Qb2 Qa8 $1 20. Nb3 $6 ({Beliavsky sollte sein Heil
lieber im Bauernopfer} 20. Ndb5 $5 Bxb5 21. Nxb5 Rxa2 22. Qb3 $11 {suchen,
wonach das Stellungsgleichgewicht erhalten bleiben dürfte.}) 20... Bc6 $1 21.
Bd4 Ne4 22. Nxe4 dxe4 23. Ra1 $2 (23. Nc5 $1 e3 (23... Nxa2 $5 24. Ra1 Qa5 25.
Nxe4 $1 (25. Rxa2 $2 Bxc5 $1 $19) 25... Bxe4 26. Rxa2 Bxg2 27. Kxg2 Qd5+ 28.
Kg1 Rb3 $15) 24. Bxc6 exf2+ 25. Bxf2 Nxc6 $15) 23... Bd5 $1 24. Qb1 b6 $1 {
[%cal Ye4e3]} 25. e3 {[%csl Rd3]} Nd3 {[%csl Gd3]} 26. Rd1 (26. Nc1 Ne1) (26.
Bxb6 $2 Bb4 $1 {[%csl Ra1][%cal Yb4c3]} 27. Rc2 Bxb3 $19 {[%csl Ra1]}) 26... b5
27. Bf1 (27. Nc1 Nxc1 28. Rxc1 b4 $1 29. Rc2 Qa4 {[%csl Ra2][%cal Ye8a8]})
27... b4 28. Bxd3 exd3 29. Qxd3 Rxa2 30. Rxa2 Qxa2 31. Nc5 Bf3 32. Ra1 Qd5 33.
Qb3 $1 Qh5 34. Nd3 Bd6 35. Ne1 Bb7 36. Rc1 Qf5 37. Rd1 Bf8 38. Qb1 {White lost
on time} (38. Qb1 Be4 39. Qb3 h5) 0-1

[Event "Candidates qf Kasparov-Beliavsky+4-1=4"]
[Site "Moscow"]
[Date "1983.03.09"]
[Round "5"]
[White "Kasparov, Garry"]
[Black "Beliavsky, Alexander G"]
[Result "1-0"]
[WhiteElo "2690"]
[BlackElo "2570"]
[Annotator "Kasparov,G"]
[PlyCount "76"]
[EventDate "1983.02.27"]
[EventType "match"]
[EventRounds "9"]
[EventCountry "URS"]
[SourceTitle "Candidates"]
[Source "ChessBase"]
[SourceDate "1999.07.01"]
[SourceVersion "2"]
[SourceVersionDate "1999.07.01"]
[SourceQuality "1"]

1. d4 d5 2. c4 e6 3. Nc3 Nf6 4. cxd5 exd5 5. Bg5 Be7 6. e3 h6 7. Bh4 O-O 8. Bd3
b6 9. Nf3 Bb7 10. O-O c5 11. Ne5 Nbd7 12. Bf5 $1 Nxe5 (12... cxd4 13. Nxd7 $1
Nxd7 14. Bxe7 Qxe7 15. Qxd4 $36) 13. dxe5 Ne8 $6 (13... Ne4 $2 14. Nxd5 $1) (
13... Nh7 $142) 14. Bg3 Nc7 $6 (14... g6 $8 15. Bc2 $16) 15. Qg4 Qe8 $6 (15...
Bc8 $142 16. Rad1 Bxf5 (16... Be6 $2 17. Nxd5 $1 Bxd5 18. e4) 17. Qxf5 d4 {
mit der Hoffnung, sich in einem Endspiel mit einem Minusbauern retten zu
können.}) 16. Bd7 $1 Qd8 (16... Bc8 17. e6 $1 $18) 17. Rad1 h5 18. Qh3 h4 19.
Bf4 Bg5 20. Bf5 g6 (20... Bxf4 21. exf4 d4 22. Ne4 Bxe4 23. Bxe4 Rb8 24. f5 Re8
25. f4 f6 26. Qxh4 fxe5 27. f6 $1) 21. Ne4 $1 Bxf4 22. exf4 gxf5 23. Qxf5 $1
dxe4 24. Qg4+ $1 Kh7 25. Rxd8 Rfxd8 26. Qxh4+ Kg8 27. Qe7 $1 (27. f5 $2 Rd7 $1
$13) 27... e3 $1 28. Re1 $1 exf2+ $6 (28... Rd2 29. f3 $1) (28... e2 29. f3 Rd1
30. Kf2 Ba6 31. Qxc7 Rad8 32. Qxa7 $1 (32. Rxe2 $6 Bxe2 33. Kxe2 R1d2+ 34. Ke3
R8d3+ 35. Ke4 Rd4+ 36. Kf5 Rxg2 {mit realen Remischancen}) 32... Rxe1 33. Qxa6
Rdd1 34. Qxb6 $18) 29. Kxf2 Rd2+ 30. Re2 Rxe2+ 31. Kxe2 Ba6+ 32. Kf2 Ne6 33. f5
Nd4 34. e6 Rf8 35. Qg5+ Kh7 36. e7 Re8 37. f6 Ne6 38. Qh5+ Kg8 (38... Kg8 39.
Qg4+ Kh7 40. Qxe6 (40. Qa4 Nc7 41. Qd7) 40... fxe6 41. f7) 1-0

[Event "Candidates qf Kasparov-Beliavsky+4-1=4"]
[Site "Moscow"]
[Date "1983.03.15"]
[Round "8"]
[White "Beliavsky, Alexander G"]
[Black "Kasparov, Garry"]
[Result "0-1"]
[WhiteElo "2570"]
[BlackElo "2690"]
[Annotator "Kasparov,G"]
[PlyCount "93"]
[EventDate "1983.02.27"]
[EventType "match"]
[EventRounds "9"]
[EventCountry "URS"]
[SourceTitle "Candidates"]
[Source "ChessBase"]
[SourceDate "1999.07.01"]
[SourceVersion "2"]
[SourceVersionDate "1999.07.01"]
[SourceQuality "1"]

1. d4 Nf6 2. c4 g6 3. Nc3 Bg7 4. e4 d6 5. f3 O-O 6. Be3 a6 7. Bd3 c5 $5 8. dxc5
dxc5 9. Bxc5 Nc6 10. Nge2 $2 (10. Be3 $142) 10... Nd7 $1 11. Bf2 {>< /^ (h6,
c1)} (11. Ba3 Nde5 12. Nd5 e6 $1 13. Bxf8 Bxf8 14. O-O exd5 15. exd5 Nb4 $36) (
11. Be3 Nde5 12. Nc1 Nb4 13. Nd5 Nbxd3+ 14. Nxd3 Nxc4 15. Bc5 e6 16. Bxf8 Qxf8
$44) 11... Nde5 12. Nc1 Bh6 $1 13. Nd5 $2 (13. Be2 Qxd1+ 14. Nxd1 Be6 15. b3 $2
(15. Ne3 $142 Nd4 16. Bd1) 15... Nb4 16. O-O Nc2 17. Rb1 Na3 $1 18. Ra1 Bg7 19.
Bc5 Nc6 $1 $17) 13... e6 14. Bb6 Qg5 $1 15. O-O $1 (15. Ne3 Nd7 $1 $19) 15...
exd5 (15... Nxd3 $2 16. f4 $1 Nxf4 17. Nxf4 Qe5 18. Qf3 Qxb2 19. Nb3 $36) 16.
f4 (16. cxd5 $142) 16... Qh4 $1 17. fxe5 (17. g3 Qe7 18. cxd5 Nxd3 19. Nxd3
Qxe4 $1 20. dxc6 Qxc6 $17 {>< /^ (c6, h1)}) 17... d4 $1 $19 18. Ne2 Be3+ 19.
Kh1 Nxe5 20. Bc7 Qe7 21. Bxe5 Qxe5 22. Qe1 Bd7 23. Qg3 Rae8 24. Nf4 Bc6 25. Nd5
Qxg3 26. hxg3 $6 (26. Nf6+ $142) 26... Re5 27. g4 (27. Nxe3 dxe3 28. Rae1 Bxe4)
27... h5 28. Nf6+ (28. Nxe3 dxe3 29. Rae1 (29. gxh5 Rxh5+ 30. Kg1 Rd8 31. Rad1
Rd4 $1 32. Be2 Rxd1 33. Rxd1 Re5 $19) 29... hxg4 30. Rxe3 f5 $1 {/\ 31... f4}
31. g3 Rfe8 32. Rfe1 g5 $1 33. Rf1 Kg7 {/\ 34.... f4}) 28... Kg7 29. gxh5 Rh8
30. g3 Rexh5+ $6 (30... Bg5 $1 31. Nd5 f5 $1 32. exf5 (32. Rae1 Rhe8 $1) 32...
Rxd5 $1 33. cxd5 Bxd5+ 34. Kg1 Be3+ 35. Rf2 Rxh5 $19) 31. Nxh5+ Rxh5+ 32. Kg2
f5 33. Rae1 fxe4 34. Bb1 Rc5 $1 35. b3 b5 36. Rxe3 (36. a4 b4 $1 {>< b3 -+}) (
36. Re2 b4 $1 37. Ree1 Bb7 38. Kh2 Rc7 39. Kg2 Re7 40. Rxe3 dxe3 41. Re1 Kf6
$19) 36... dxe3 37. Re1 bxc4 38. bxc4 Rxc4 39. Rxe3 Rb4 $1 40. Rb3 e3+ 41. Kf1
Bb5+ 42. Ke1 {/\ Kc3} a5 $1 43. Be4 (43. Kd1 Ba4) 43... Rxb3 44. axb3 Kf6 45.
Kd1 g5 46. Kc2 Ke5 (46... Ke5 47. Bd3 (47. Bg6 Kd4) 47... e2) 47. Bg6 0-1

[Event "Candidates qf Kasparov-Beliavsky+4-1=4"]
[Site "Moscow"]
[Date "1983.03.19"]
[Round "9"]
[White "Kasparov, Garry"]
[Black "Beliavsky, Alexander G"]
[Result "1-0"]
[WhiteElo "2690"]
[BlackElo "2570"]
[Annotator "Kasparov,G"]
[PlyCount "63"]
[EventDate "1983.02.27"]
[EventType "match"]
[EventRounds "9"]
[EventCountry "URS"]
[SourceTitle "Candidates"]
[Source "ChessBase"]
[SourceDate "1999.07.01"]
[SourceVersion "2"]
[SourceVersionDate "1999.07.01"]
[SourceQuality "1"]

1. d4 Nf6 2. Nf3 c5 3. d5 d6 4. Nc3 g6 5. e4 Bg7 6. Bb5+ Bd7 7. a4 O-O 8. O-O
Na6 9. Re1 Nb4 $6 10. h3 $1 e6 11. Bf4 $1 (11. dxe6 Bxe6 12. Bf4 d5 13. exd5
Nfxd5 14. Nxd5 Nxd5 15. Be5 $11) 11... e5 (11... Bxb5 12. Nxb5 $1 (12. axb5
exd5 13. exd5 Qd7 $11) 12... exd5 (12... a6 13. Nxd6 Nh5 14. Nxb7 Qb6 15. Bd6
$1 Qxb7 (15... Rfc8 16. c3 $18) 16. Bxf8 Rxf8 17. c3 $18) 13. Bxd6 dxe4 14.
Bxf8 Qxf8 (14... Qxd1 15. Raxd1 $1 Rxf8 16. Ng5 Nxc2 17. Re2 $14) 15. Ng5 $1 (
15. Nd2 $2 Rd8) 15... Re8 16. Nc3 $16) 12. Bg5 Bc8 $6 ({Nach meiner Meinung
verfügt Beliavsky in der Position nach} 12... h6 $142 13. Bxf6 Bxf6 14. Bxd7
Qxd7 15. Nd2 Be7 {über bedeutend bessere Möglichkeiten zum Gegenspiel als in
der Partie.}) 13. Nd2 h6 14. Bh4 g5 ({Nach} 14... Qc7 15. Be2 $5 Ne8 16. Nc4 f5
$6 17. Nb5 Qd7 18. exf5 gxf5 19. Bh5 {bricht die schwarze Position zusammen.} (
19. c3 $142 {Nimzo 7.32} Na6 20. Bh5 Nac7 $140 $2 21. Nxa7 {[%csl Rd7][%cal
Yc4b6]})) 15. Bg3 g4 $6 (15... h5 $142 16. Be2 g4 17. Bh4 $1 gxh3 18. g3) 16.
hxg4 Nxg4 $6 (16... Bxg4 17. Be2 (17. f3 $2 Nh5 $1) 17... Bxe2 18. Rxe2 Nh5 19.
Re3 Nf4 (19... Qg5 20. Nc4 Rad8 21. Nb5 $16) 20. Ne2 Nxe2+ 21. Rxe2 f5 22. exf5
Nxd5 23. Nc4 $16) 17. f3 Nf6 18. Bh4 $1 Kh8 19. Ne2 $1 Rg8 20. c3 Na6 21. Ng3
Qf8 (21... Bf8 $142 22. Ndf1 Be7) 22. Ndf1 Nh7 23. Ne3 Bf6 24. Bxf6+ Nxf6 25.
Ngf5 Nh5 26. Kf2 Bxf5 27. Nxf5 Nf4 28. g3 Nh3+ 29. Ke2 Rxg3 30. Nxg3 Qg7 31.
Rg1 Rg8 32. Qd2 1-0

[Event "Candidates sf Kasparov-Kortschnoj+4-1=6"]
[Site "London"]
[Date "1983.12.16"]
[Round "11"]
[White "Kasparov, Garry"]
[Black "Kortschnoj, Viktor Lvovich"]
[Result "1-0"]
[WhiteElo "2690"]
[BlackElo "2600"]
[Annotator "ChessBase"]
[PlyCount "63"]
[EventDate "1983.11.21"]
[EventType "match"]
[EventRounds "12"]
[EventCountry "ENG"]
[SourceTitle "Candidates"]
[Source "ChessBase"]
[SourceDate "1999.07.01"]
[SourceVersion "2"]
[SourceVersionDate "1999.07.01"]
[SourceQuality "1"]

1. d4 Nf6 2. c4 e6 3. g3 c5 4. d5 exd5 5. cxd5 b5 6. Bg2 d6 7. b4 $1 Na6 $5 (
7... cxb4 8. a3 bxa3 9. Nxa3 $14 {|^ Sosonko-Timman/Tilburg/1982/
Zaitshik-Wladimirov/1981/}) 8. bxc5 Nxc5 9. Nf3 g6 10. O-O (10. Nd4 $5) 10...
Bg7 11. Nd4 O-O $2 (11... Bb7 $8) 12. Nc3 $1 a6 (12... b4 13. Nc6 Qd7 (13...
Qb6 14. Rb1 $16 {>< b4}) 14. Nb5 $1 (14. Nxb4 Nfe4 $1) 14... Nfe4 (14... Nxd5
15. Qxd5 Bxa1 16. Nxd6 $1 Ne6 17. Nxc8 $1 Qxd5 18. N8e7+ Kg7 19. Nxd5 $18) 15.
Nbd4 Nc3 16. Qc2 Ba6 17. Re1 $16) 13. Nc6 $1 (13. a4 b4 14. Nc6 Qd7) (13. Rb1 {
/\ 14.a4} Re8 $1 {/\ 14...Ne4 =}) 13... Qc7 14. Be3 Bb7 15. Bd4 {/\ 15.a4 +/=/
+/-} Rfe8 (15... Nfd7 16. Bxg7 Kxg7 17. Qd4+ {/\ 18.a4 +/=/+/-}) 16. a4 $1 bxa4
$8 (16... Bxc6 17. dxc6 b4 18. Bxf6 Bxf6 (18... bxc3 19. Bxg7 Kxg7 20. Qd4+ {
/\ 21.Ra2 +/-/+-}) 19. Nd5) (16... Nxa4 17. Nxa4 bxa4 18. Rxa4 Nxd5 19. Bxd5
Bxc6 20. Rc4 $18) 17. Bxc5 dxc5 18. Qxa4 {/\ 19.Na5} (18. Rxa4) 18... Nd7 19.
Qb3 {/\ 20.d6} (19. Qa3 {>=} Bf8 {/\ 20.Rb1, 21.Rd1 +-} (19... Bxc6 20. Qxc5))
19... Bxc6 $8 20. dxc6 Nb6 21. Rab1 Rab8 (21... c4 {>=} 22. Qa3 (22. Qxb6 $10))
22. Qa3 c4 (22... Bd4 23. e3 Nc4 24. Nd5 (24. Qxa6 Nxe3) 24... Nxa3 25. Nxc7
Nxb1 26. Nxe8 Nd2 (26... Rxe8 27. exd4 Nc3 28. d5 $18) 27. Nd6 $1 Nxf1 28. c7
$18) 23. Rfc1 Bxc3 24. Qxc3 $18 (24. Rxc3 Rxe2 25. Qxa6 Qe5 $18) 24... Rxe2 25.
Qd4 $1 {/\ 26.Rd1 27.Qd6; 27.Rb6} a5 (25... Re5 $8 {>< Nb6} 26. Re1 $1 Rb5 27.
Rbd1 {/\ 27.g4, 28.Qf6}) 26. Rb5 a4 27. Bf3 Ree8 28. Qc5 $1 Qe7 29. c7 Qxc5 30.
Rxc5 Rbc8 31. Bb7 Nd7 32. R5xc4 1-0

[Event "Candidates f Kasparov-Smyslov +4-0=9"]
[Site "Vilnius"]
[Date "1984.04.07"]
[Round "12"]
[White "Smyslov, Vassily V"]
[Black "Kasparov, Garry"]
[Result "0-1"]
[WhiteElo "2600"]
[BlackElo "2710"]
[Annotator "ChessBase"]
[PlyCount "80"]
[EventDate "1984.03.10"]
[EventType "match"]
[EventRounds "13"]
[EventCountry "URS"]
[SourceTitle "Candidates"]
[Source "ChessBase"]
[SourceDate "1999.07.01"]
[SourceVersion "2"]
[SourceVersionDate "1999.07.01"]
[SourceQuality "1"]

1. d4 d5 2. Nf3 c5 3. c4 e6 4. cxd5 exd5 5. g3 Nf6 6. Bg2 Be7 7. O-O O-O 8. Nc3
Nc6 9. Bg5 cxd4 10. Nxd4 h6 11. Be3 Re8 12. a3 Be6 13. Nxe6 fxe6 14. Qa4 Rc8
15. Rad1 Kh8 16. Kh1 a6 17. f4 Na5 $1 18. f5 b5 $1 (18... Nc4 $2 19. Bc1 $16 {
>< [+]}) (18... Rc4 $2 19. Qc2 e5 20. Qd2 $1 d4 21. Bxh6 gxh6 (21... dxc3 22.
Qg5) 22. Qxh6+ Kg8 23. g4 $40 {+/-/+-}) 19. Qh4 Ng8 $1 (19... Nc4 $2 20. Bxh6
Nh7 21. Qh5 gxh6 22. fxe6 Ne3 23. Rf7 $18) 20. Qh3 (20. Qg4 Nc4 21. Bc1 Bg5 $1
22. fxe6 Bxc1 23. Rxd5 Qb6 24. Rd7 Bg5 25. Rxg7 {! Kupreitschik} Ne5 $1 (25...
Kxg7 26. Rf7+ Kh8 27. Qf5 Nf6 28. Be4 Rc7 $1 29. Rxf6 Bxf6 30. Qxf6+ Rg7 31.
Qxh6+ Kg8 32. Bh7+ $1 Rxh7 33. Qg6+ Kf8 34. Qf6+ $10 {Kupreitschik}) (25...
Qxe6 26. Rff7 $1 Nf6 27. Qxe6 Rxe6 28. Bh3 Rce8 29. Bxe6 Rxe6 30. h4 Bc1 (30...
Ne5 31. hxg5 Nxf7 32. Rxf7 hxg5 33. Kg2 $18) 31. Rg6 Bxb2 32. Rfxf6 Rxf6 33.
Rxf6 Bxc3 34. Rxh6+ Kg7 35. Rxa6 $18 {Kupreitschik}) 26. Qf5 (26. Rxg8+ Kxg8
27. Qf5 Rf8 $1 28. Qxe5 Rxf1+ 29. Bxf1 Qf2 30. Bh3 Be3 $19) 26... Kxg7 27.
Qxe5+ Bf6 $19) 20... Nc4 21. Bc1 Bg5 $1 22. fxe6 Bxc1 23. Rxc1 (23. Rxd5 $2 Qb6
24. Rxc1 Nxb2 $17) 23... Ne3 24. Nxd5 $1 (24. Rg1 Nf6) 24... Nxf1 (24... Rxc1
$2 25. Rxc1 Nxd5 26. Rd1 Ngf6 (26... Ne3 27. Rxd8 Rxd8 28. Kg1) 27. Bxd5 Nxd5
28. e4 $18) 25. Rxf1 Rf8 26. Nf4 $6 (26. Be4 $146) 26... Ne7 27. Qg4 $2 {
/\ h4-h5} (27. Qh5 {>= /\ h4}) 27... g5 $1 28. Qh3 Rf6 $1 29. Nd3 Rxf1+ 30.
Bxf1 Kg7 (30... Qf8 $2 31. Ne5 {/\ Nf7}) 31. Qg4 Qd5+ 32. e4 (32. Bg2 Rc1+ $1
33. Nxc1 Qd1+ 34. Bf1 Qxf1#) 32... Qd4 33. h4 Rf8 34. Be2 Qe3 35. Kg2 (35. hxg5
$2 h5 $1 $19) 35... Ng6 36. h5 $6 (36. hxg5 {>=}) 36... Ne7 37. b4 Kh7 $1 {
Zugzwang} 38. Kh2 Rd8 39. e5 Rxd3 40. Bxd3+ Qxd3 0-1

[Event "World-ch30-KK1 Karpov-Kasparov +5-3=40"]
[Site "Moscow"]
[Date "1985.02.08"]
[Round "48"]
[White "Kasparov, Garry"]
[Black "Karpov, Anatoly"]
[Result "1-0"]
[WhiteElo "2715"]
[BlackElo "2705"]
[PlyCount "133"]
[EventDate "1984.09.10"]
[EventType "match"]
[EventRounds "48"]
[EventCountry "URS"]
[SourceTitle "MainBase"]
[Source "ChessBase"]
[SourceDate "1999.07.01"]
[SourceVersion "2"]
[SourceVersionDate "1999.07.01"]
[SourceQuality "1"]

1. e4 e5 2. Nf3 Nf6 3. Nxe5 d6 4. Nf3 Nxe4 5. d4 d5 6. Bd3 Nc6 7. O-O Be7 8. c4
Nf6 9. Nc3 O-O 10. h3 dxc4 11. Bxc4 Na5 12. Bd3 Be6 13. Re1 Nc6 14. a3 a6 15.
Bf4 Qd7 16. Ne5 Nxe5 17. dxe5 Nd5 18. Nxd5 Bxd5 19. Qc2 g6 20. Rad1 c6 21. Bh6
Rfd8 22. e6 fxe6 23. Bxg6 Bf8 24. Bxf8 Rxf8 25. Be4 Rf7 26. Re3 Rg7 27. Rdd3
Rf8 28. Rg3 Kh8 29. Qc3 Rff7 30. Rde3 Kg8 31. Qe5 Qc7 32. Rxg7+ Rxg7 33. Bxd5
Qxe5 34. Bxe6+ Qxe6 35. Rxe6 Rd7 36. b4 Kf7 37. Re3 Rd1+ 38. Kh2 Rc1 39. g4 b5
40. f4 c5 41. bxc5 Rxc5 42. Rd3 Ke7 43. Kg3 a5 44. Kf3 b4 45. axb4 axb4 46. Ke4
Rb5 47. Rb3 Rb8 48. Kd5 Kf6 49. Kc5 Re8 50. Rxb4 Re3 51. h4 Rh3 52. h5 Rh4 53.
f5 Rh1 54. Kd5 Rd1+ 55. Rd4 Re1 56. Kd6 Re8 57. Kd7 Rg8 58. h6 Kf7 59. Rc4 Kf6
60. Re4 Kf7 61. Kd6 Kf6 62. Re6+ Kf7 63. Re7+ Kf6 64. Rg7 Rd8+ 65. Kc5 Rd5+ 66.
Kc4 Rd4+ 67. Kc3 1-0

[Event "Match Kasparov-Huebner +3-0=3"]
[Site "Hamburg"]
[Date "1985.05.29"]
[Round "2"]
[White "Kasparov, Garry"]
[Black "Huebner, Robert"]
[Result "1-0"]
[WhiteElo "2715"]
[BlackElo "2605"]
[Annotator "Notkin,M"]
[PlyCount "77"]
[EventDate "1985.05.28"]
[EventType "match"]
[EventRounds "6"]
[EventCountry "GER"]
[SourceTitle "MCL"]
[Source "ChessBase"]
[SourceDate "1999.07.01"]
[SourceVersion "1"]
[SourceVersionDate "1999.07.01"]
[SourceQuality "1"]

1. d4 Nf6 2. c4 e6 3. Nf3 d5 4. Nc3 Be7 5. Bg5 O-O 6. Qc2 Ne4 7. Bxe7 Qxe7 8.
e3 Nxc3 9. Qxc3 b6 $6 (9... c6) 10. cxd5 exd5 11. b4 c6 12. Rc1 Bb7 13. Bd3 Nd7
14. Rb1 Qd8 (14... Rfc8 $5 $14) 15. O-O a5 16. a3 axb4 17. axb4 g6 (17... Re8
$32) 18. Nd2 $1 Qe7 (18... Nf6 19. b5 $16) 19. e4 dxe4 20. Bxe4 Rac8 21. Rfe1
Qd8 $6 (21... Rfe8 22. Re3 $14) (21... Qf6 $5 22. Nc4 (22. Bf3 $1 {/\Ne4/})
22... Ba6 23. Bf3) 22. Nc4 Nf6 23. Bf3 Nd5 24. Qd2 Ba6 25. Ne5 Bb5 26. Rec1 (
26. g3 $5) 26... Qd6 (26... Re8 $5 {/\Qf6/}) 27. h4 $1 Rfd8 (27... h5 28. Rb3
$1 {/\Bh5+-/}) 28. h5 Ne7 29. Re1 Rc7 (29... Qxd4 30. Qg5 $40) 30. Bg4 $1 Nd5
31. hxg6 hxg6 32. Rb3 $1 f5 $8 33. Bd1 Rg7 (33... Rh7 34. Rg3 Ne7 35. Bb3+ $18)
34. Rh3 $1 Qxb4 35. Qh6 $1 Qxe1+ 36. Kh2 Kf8 37. Nxg6+ Kg8 (37... Kf7 38. Ne5+
Kf8 39. Rg3 $18) 38. Qh8+ Kf7 39. Qxd8 (39. Qxd8 Qxd1 40. Ne5+ Ke6 41. Rh6+) (
39. Qxd8 Kxg6 40. Bh5+ Kh7 41. Bf7#) (39. Qxd8 Rxg6 40. Rh7+ $18) 1-0